| 000 | 00000nam 2200000zi 4500 |
| 001 | 9.923387 |
| 003 | CaOODSP |
| 005 | 20230531144400 |
| 006 | m o d f |
| 007 | cr |n||||||||| |
| 008 | 230531t20222022onca ob f|0| 0 fre d |
| 040 | |aCaOODSP|bfre|erda|cCaOODSP |
| 043 | |an-cn--- |
| 086 | 1 |aNH21-19/2022F-PDF |
| 245 | 00|aConception universelle : |bun guide à l’intention des concepteurs, des constructeurs et des promoteurs d’immeubles à logements multiples. |
| 264 | 1|a[Ottawa] : |bSCHL = CMHC, |c[2022] |
| 264 | 4|c©2022 |
| 300 | |a1 ressource en ligne (55 pages) : |billustrations |
| 336 | |atexte|btxt|2rdacontent/fre |
| 337 | |ainformatique|bc|2rdamedia/fre |
| 338 | |aressource en ligne|bcr|2rdacarrier/fre |
| 500 | |aPublié aussi en anglais sous le titre : Universal design: A guide for designers, builders and developers of multi-unit residential buildings. |
| 504 | |aComprend des références bibliographiques (pages 53-55). |
| 650 | 6|aConception universelle|vGuides, manuels, etc. |
| 650 | 6|aArchitecture domestique|xDessins et plans|vGuides, manuels, etc. |
| 655 | 7|aGuides et manuels|2rvmgf |
| 710 | 2 |aSociété canadienne d'hypothèques et de logement, |eorganisme de publication. |
| 775 | 08|tUniversal design : |w(CaOODSP)9.923342 |
| 856 | 40|qPDF|s3.65 Mo|uhttps://publications.gc.ca/collections/collection_2023/schl-cmhc/NH21-19-2022-fra.pdf |